| 000 | 00730cab a2200193 4500 | ||
|---|---|---|---|
| 001 | WB2612-27 | ||
| 008 | 090401t1990 xxu||||| |||| 00| 0 eng d | ||
| 035 | _a(Sirsi) u15716 | ||
| 041 | _aeng | ||
| 245 | _aLease ordered without break clause | ||
| 260 | _c1990 | ||
| 350 | _a0 | ||
| 490 |
_aEGCS _v1990 31 |
||
| 520 | _aBecker v Hill Street Properties Ltd CA 7 March 1990. The landlords appealed against the order of a lease with no break clause . Although the county court judge had applied the wrong test, the appeal was dismissed since it was unreasonable to have a break clause before the first rent review. | ||
| 650 | _aDENTAL SURGERY | ||
| 690 | _aPROPERTY-LANDLORD AND TENANT | ||
| 942 | _n0 | ||
| 948 | _c04/03/1997 | ||
| 999 |
_c10330 _d10330 |
||